Tráva zpívá / [Autorka:] Doris Lessingová ; Z angl. orig. The Grass is Singing přel. Soňa Nová ; verše T.S. Eliota přel. Jiří Valja
Psychologický román s kriminální zápletkou v závěru je situován do jihoafrické Rhodesie. Na pozadí hospodářského úpadku a ztroskotaného manželství zadluženého a nemocného farmáře se rozvíjí milostná hra farmářovy ženy a černéhosluhy, hra, v níž je černoch pro rasové ponižování dohnán k vraždě této ženy.
Record details
- Physical Description: 195, [2] s. ; 8°
- Edition: 1. vyd.
- Publisher: Praha : Práce, 1974
Content descriptions
| General Note: | 45000 výt. Frontispice: Jaroslav Lukavský Obálka a vazba: Vladimír Janský |
Search for related items by series
Available copies
- 1 of 1 copy available at Common Catalog SPOK.
Holds
- 0 current holds with 1 total copy.
Show Only Available Copies
| Location | Call Number / Copy Notes | Barcode | Shelving Location | Status | Due Date |
|---|---|---|---|---|---|
| KDS Library | 810 LeD | 204576800843 | Library | Available | - |
| LDR | 01376nam a22003131 4500 | ||
|---|---|---|---|
| 001 | 20493 | ||
| 003 | CZ-PrJAB | ||
| 005 | 20150708095826.0 | ||
| 008 | 970129s1974 xr cze | ||
| 015 | . | ‡acnb000157961 | |
| 035 | . | ‡a(CZ PrNK)bk197401554 | |
| 035 | . | ‡a(OCoLC)3978220 | |
| 040 | . | ‡aABA001 ‡bcze ‡cOLA001 ‡dABA001 | |
| 041 | 1 | . | ‡acze ‡heng |
| 080 | . | ‡a820-311.1-312.4 ‡2undef | |
| 100 | 1 | . | ‡aLessing, Doris May, ‡d1919-2013 ‡7jn19990005015 ‡4aut |
| 245 | 1 | 0. | ‡aTráva zpívá / ‡c[Autorka:] Doris Lessingová ; Z angl. orig. The Grass is Singing přel. Soňa Nová ; verše T.S. Eliota přel. Jiří Valja |
| 250 | . | ‡a1. vyd. | |
| 260 | . | ‡aPraha : ‡bPráce, ‡c1974 ‡f(Mír 1) | |
| 300 | . | ‡a195, [2] s. ; ‡c8° | |
| 490 | 1 | . | ‡aErb. Bílá řada |
| 500 | . | ‡a45000 výt. | |
| 500 | . | ‡aFrontispice: Jaroslav Lukavský | |
| 500 | . | ‡aObálka a vazba: Vladimír Janský | |
| 520 | . | ‡aPsychologický román s kriminální zápletkou v závěru je situován do jihoafrické Rhodesie. Na pozadí hospodářského úpadku a ztroskotaného manželství zadluženého a nemocného farmáře se rozvíjí milostná hra farmářovy ženy a černéhosluhy, hra, v níž je černoch pro rasové ponižování dohnán k vraždě této ženy. | |
| 700 | 1 | . | ‡aNová, Soňa, ‡d1928- ‡7jk01090300 ‡4trl |
| 700 | 1 | . | ‡aValja, Jiří, ‡d1914-1967 ‡7jk01141306 ‡4trl |
| 830 | 0. | ‡aErb. ‡pBílá řada | |
| 910 | . | ‡aABE463 | |
| 998 | . | ‡a000157961 | |
| 901 | . | ‡a20493 ‡b ‡c20493 ‡tbiblio | |